书目信息 |
| 题名: |
长大成为企业家
|
|
| 作者: | 麦金 编著 | |
| 分册: | ||
| 出版信息: | 北京 新世界出版社 2007.02 |
|
| 页数: | 225页 | |
| 开本: | 25cm | |
| 丛书名: | ||
| 单 册: | ||
| 中图分类: | B848.4-49 | |
| 科图分类: | ||
| 主题词: | 成功心理--cheng gong xin li--少年读物 | |
| 电子资源: | ||
| ISBN: | 978-7-80228-279-7 | |
| 000 | 00882nam0 2200241 450 | |
| 001 | 012008556909 | |
| 005 | 20080508093705.20 | |
| 010 | @a978-7-80228-279-7@dCNY25.00 | |
| 100 | @a20080508d2007 em y0chiy0120 ea | |
| 101 | 0 | @achi |
| 102 | @aCN@b110000 | |
| 105 | @ay z 000yy | |
| 106 | @ar | |
| 200 | 1 | @a长大成为企业家@Azhang da cheng wei qi ye jia@e杰出企业家给孩子的财商启示@f麦金编著@Fmai jin bian zhu |
| 210 | @a北京@c新世界出版社@d2007.02 | |
| 215 | @a225页@d25cm | |
| 330 | @a本书内容包括:企业家财商启示:了解财富的形成,企业家财商启示:金钱是重要的,企业家财商启示:赚钱需要好心态等。 | |
| 517 | 1 | @a杰出企业家给孩子的财商启示@Ajie chu qi ye jia gei hai zi de cai shang qi shi |
| 606 | 0 | @a成功心理@Acheng gong xin li@j少年读物 |
| 690 | @aB848.4-49@v4 | |
| 701 | 0 | @a麦金@Amai jin@4编著 |
| 801 | 0 | @aCN@bQSSK@c20080508 |
| 905 | @b706388-89@dB848.4-49@eM275@f2 | |
| 长大成为企业家:杰出企业家给孩子的财商启示/麦金编著.-北京:新世界出版社,2007.02 |
| 225页;25cm |
| ISBN 978-7-80228-279-7:CNY25.00 |
| 本书内容包括:企业家财商启示:了解财富的形成,企业家财商启示:金钱是重要的,企业家财商启示:赚钱需要好心态等。 |
| ● |
| 相关链接 |
|
|
|
正题名:长大成为企业家
索取号:B848.4-49/M275
 
预约/预借
| 序号 | 登录号 | 条形码 | 馆藏地/架位号 | 状态 | 备注 |
| 1 | 706388 | 207063880 | 社科库509/509社科库 52排1列5层/ [索取号:B848.4-49/M275] | 在馆 | |
| 2 | 706389 | 207063899 | 社科库509/509社科库 52排1列5层/ [索取号:B848.4-49/M275] | 在馆 |